Top 3 NBA 2K21 Players by College: ACC - Statistics

General Stats
  • This quiz has been taken 8 times
  • The average score is 13 of 45
Answer Stats
College Player Rating % Correct
Duke Jayson Tatum 90
100%
North Carolina Michael Jordan 99
100%
Wake Forest Chris Paul 97
86%
Virginia De'Andre Hunter 81
86%
Louisville Donovan Mitchell 88
86%
Wake Forest Tim Duncan 98
86%
Syracuse Carmelo Anthony 95
71%
Duke Kyrie Irving 94
71%
Georgia Tech Chris Bosh 90
57%
Pittsburgh Steven Adams 80
57%
North Carolina James Worthy 95
43%
Virginia Malcolm Brogdon 84
43%
Virginia Tech Nickeil Alexander-Walker 76
43%
Boston College Reggie Jackson 77
43%
Pittsburgh Cameron Johnson 78
29%
NC State David Thompson 95
29%
Virginia Tech Dorian Finney-Smith 73
29%
Duke Elton Brand 90
29%
Boston College Jerome Robinson 72
29%
Florida State Jonathan Isaac 82
29%
Virginia Ralph Sampson 89
29%
North Carolina Vince Carter 96
29%
Miami Bruce Brown Jr. 77
14%
Syracuse Derrick Coleman 88
14%
Boston College Jared Dudley 77
14%
Georgia Tech Kenny Anderson 88
14%
Miami Lonnie Walker IV 76
14%
Florida State Sam Cassell 88
14%
NC State Thurl Bailey 86
14%
Notre Dame Adrian Dantley 92
0%
Notre Dame Bill Laimbeer 87
0%
Louisville Darrell Griffith 87
0%
Syracuse Dave Bing 91
0%
Florida State Dave Cowens 95
0%
Virginia Tech Dell Curry 85
0%
Clemson Elden Campbell 71
0%
Duke Grant Hill 93
0%
Louisville Junior Bridgeman 87
0%
Notre Dame Kelly Tripucka 87
0%
Pittsburgh Khem Birch 76
0%
Wake Forest Muggsy Bogues 86
0%
Miami Rick Barry 95
0%
Georgia Tech Stephon Marbury 88
0%
NC State Tom Gugliotta 88
0%
Clemson Tree Rollins 84
0%
No matching quizzes found
Score Distribution
Percent of People with Each Score
Percentile by Number Answered
Your Score History
You have not taken this quiz